Socios Comerciales más Grandes - Zimbabue - Estadísticas

Estadísticas generales
  • Esta prueba ha sido intentada 37 veces
  • La puntuación promedio es 19 de 24
Estadísticas de respuestas
exportaciones importaciones país % Correcto
1,99 mil 67,5 mil Estados Unidos
100%
7,35 mil Francia
100%
1,86 mil 91,2 mil Reino Unido
100%
2250 mil 2152 mil Sudáfrica
100%
365 mil China
97%
2,19 mil Alemania
94%
1,19 mil Italia
94%
7,35 mil Namibia
94%
72,2 mil 182 mil Zambia
94%
29,1 mil 39,5 mil Botsuana
90%
99,6 mil Japón
90%
166 mil India
87%
268 mil 162 mil Mozambique
81%
2,95 mil Países Bajos
77%
54,4 mil México
71%
45,7 mil Bélgica
68%
11,2 mil Kenia
68%
4,24 mil 43,2 mil Malaui
65%
39,0 mil Suazilandia
58%
117 mil 61,7 mil Emiratos Árabes Unidos
55%
37,6 mil Tailandia
52%
1117 mil Singapur
45%
1,16 mil Israel
42%
72,2 mil Mauricio
32%
No se encontraron pruebas coincidentes
Distribución de puntuación
Porcentaje de gente con cada puntuación
Porcentaje por número respondido
Historial de tus puntuaciones
No has intentado esta prueba.